Score 0/26 Timer 06:00
0 Plays Today
% Correct
Queen
94.8%
Ruby
92.4%
Euro
92%
Jasmine
90.6%
Opal
87.9%
Grease
86.9%
Sapphire
84.8%
Belle
80%
Iceland
65.5%
Hulk
65.3%
Xanadu
65%
Moore
63.7%
Full
63.6%
% Correct
Pound
58.9%
Tiana
55.6%
Yankee
53.8%
Kiribati
53.2%
Victor
53%
Dominica
49.7%
Ant-Man
45.8%
Lazenby
45.2%
Uniform
36.9%
Zloty
36.3%
California King
35.7%
Wasp
32.2%
Niven
26.4%
Remove Ads.
Support Sporcle.
Get the best of Sporcle when you Go Orange. This ad-free experience offers more features, more stats, and more fun while also helping to support Sporcle. Thank you for becoming a member.

You're not logged in!

Compare scores with friends on all Sporcle quizzes.
OR
Log In

Show Comments

Extras

Top Quizzes Today


Score Distribution

Your Account Isn't Verified!

In order to create a playlist on Sporcle, you need to verify the email address you used during registration. Go to your Sporcle Settings to finish the process.

Report this User

Report this user for behavior that violates our Community Guidelines.

Details: